[Event "HUN-chT2 Szechenyi 0910"]
[Site "Hungary"]
[Date "2009.12.06"]
[Round "3.1"]
[White "Csiszar, Zoltan"]
[Black "Varga, Tibor"]
[Result "1/2-1/2"]
[WhiteElo "2275"]
[BlackElo "2079"]
[PlyCount "63"]
[EventDate "2009.11.08"]
[EventType "team-tourn"]
[EventRounds "11"]
[EventCountry "HUN"]
[SourceTitle "EXT 2011"]
[Source "ChessBase"]
[SourceDate "2010.11.26"]
[SourceVersion "1"]
[SourceVersionDate "2010.11.26"]
[SourceQuality "1"]
[WhiteTeam "Baki Agrocentrum"]
[BlackTeam "HVSE Infraplan"]
[WhiteTeamCountry "HUN"]
[BlackTeamCountry "HUN"]

1. d4 Nf6 2. c4 d6 3. Nc3 Bf5 4. g3 c6 5. Bg2 Nbd7 6. e4 Bg6 7. Nge2 e5 8. 0-0 h5 9. h3 Ng8 10. f4 f6 11. Be3 Bf7 12. d5 h4 13. g4 exf4 14. Nxf4 Ne5 15. Qa4 a6 16. dxc6 bxc6 17. b3 Qd7 18. Rad1 Nh6 19. c5 Nhxg4 20. Bd4 g5 21. Nd3 Be7 22. Bxe5 Nxe5 23. Nxe5 fxe5 24. cxd6 Bxd6 25. Rf6 Bc5+ 26. Kh1 Bd4 27. Rxc6 Kf8 28. Nd5 Rc8 29. Rxc8+ Qxc8 30. Qa3+ Kg7 31. Qd6 Qe6 32. Qxe6 1/2-1/2